000 00532nam a22001817a 4500
005 20170505121944.0
010 _aENG-118046
020 _a9789385144387
_c995.00
035 _aEN-101578
037 _bDBAD/PUB
082 _a302.230954
100 _aChandrakanta K. Mathur
245 _aMedia in india: raj to swaraj
_cby Chandrakanta K. Mathur
260 _aShakti Nagar
_bShivalik Prakashan
_c2015
270 _a27/16, Shakti Nagar
300 _aviii, 249p
_c23cm.[Hb]
942 _2ddc
_cEN
_h302.230954
_mMAT
999 _c139533
_d139533